000 00617nam a2200241Ia 4500
003 OSt
005 20221005131600.0
006 a|||||r|||| 00| 0
007 ta
008 221004b |||||||| |||| 00| 0 snd d
024 _a46176
037 _cTextual
040 _aCRL
_cCRL
_bsnd
041 _2snd
_asnd
082 _aO1593,1x(S:55), L4
100 _aJatali Kishanchand Au.
_9639835
245 0 _aSriangar lehar
260 _c1974
300 _a45p.
_ccm.
650 _aSINDHI LITERATURE
942 _hO1593,1x(S:55), L4
_cTEXL
_2cc
999 _c1060794
_d1060794